00918cam a22002775a 450000500170000000800410001702000180005802000180007604000380009408200190013210000180015124500600016925000120022926000270024130000350026850000240030350400410032759000100036865000290037865100100040765300240041770000180044194200080045999900170046795201560048420161024131602.0161019s2015 enka frb 001 0 eng d a9781446248621 a9781446248614 aEG-ScBUEbengcEG-ScBUEdEG-ScBUE04a658.8bFRE2221 aFrench, Jeff.10aStrategic social marketing /cJeff French, Ross Gordon. a1st ed. aLondon :bSAGE,c2015. axvii, 429 p. :bill. ;c24 cm. aIndex : p. 421-429. aIncludes bibliographical references. ashima 0aSocial marketing.2BUEsh 2BUEsh bBUSADMcOctober20161 aGordon, Ross. 2ddc c22701d22673 00102ddc40708AcademicaMAINbMAINc1STd2016-10-19ePurchaseg490.00h9129l2m1o658.8 FREp000045163r2025-07-15 00:00:00s2022-11-28v612.50yBB